Cow Knowledge - Statistics

General Stats
  • This quiz has been taken 24,326 times
  • The average score is 14 of 20
Answer Stats
Question Answer % Correct
What sound does a cow make? Moo
98%
What is the word for a young cow? Calf
95%
In what religion are cows venerated? {Hindu}ism
92%
What part of a cow's body produces milk? Udder
87%
What does a cow have four of that humans only have one of? {Stomach} Compartments
86%
What shaggy animal of the Himalayas, starting with the letter Y, is a relative of cattle? Yak
86%
Complete the analogy: Canine is to dogs as ______ is to cows Bovine
83%
What gas do cows produce that contributes to global warming? Methane
83%
What animal, native to North America, can cows interbreed with? American Bison
82%
What disease, also known as Bovine Spongiform Encephalopathy, affected thousands of British cows in the 1990s? Mad Cow Disease
77%
What sign of the zodiac is represented by a bull? Taurus
76%
Which U.S. state has the most cows? Texas
71%
What cruel sport involving cattle was banned in Catalonia? Bullfighting
70%
What country has the most cows? Brazil
57%
What does a cow regurgitate to chew again? Cud
57%
What city's Great Fire of 1871 was blamed on an Irishwoman's cow? Chicago
51%
The Maasai tribe traditionally believe that they are the rightful owners of all the cattle in the world. In what country would you find a Maasai tribesperson? Kenya or Tanzania
50%
What is the word for the piece of wood that joins a team of oxen? Yoke
47%
What "humped" cattle of South Asia has a name starting with Z? Zebu
19%
From what fearsome extinct animal were cattle domesticated? Aurochs
12%
No matching quizzes found
Score Distribution
Percent of People with Each Score
Percentile by Number Answered
Your Score History
You have not taken this quiz